000 00387nam a2200157Ia 4500
003 Ost
005 20260225132600.0
008 260225s9999||||xx |||||||||||||| ||und||
040 _cfsic
041 _afre
082 _a70.4
100 _amakhlouf yebbal
_eAuteur
245 0 _aintroduction a la publicité ce qui nous lis a son objet /
245 0 _cmakhlouf yebbal
942 _cكتاب
999 _c34700
_d34700